| 000 | 00000nam##2200000za#4500 |
| 001 | 9.696854 |
| 003 | CaOODSP |
| 005 | 20210624235224 |
| 007 | cr ||||||||||| |
| 008 | 150407|1998||||xxc|||||o f|0| 0 eng|d |
| 040 | |aCaOODSP|beng |
| 043 | |an-cn--- |
| 086 | 1 |aFs1-61/2-1997E-PDF |
| 110 | 1 |aCanada.|bDepartment of Fisheries and Oceans. |bFisheries Resource Conservation Council. |
| 245 | 10|a1998 conservation requirements for the Scotian Shelf and Bay of Fundy groundfish stocks : |h[electronic resource]|breport to the Minister of Fisheries and Oceans |
| 260 | |aOttawa - Ontario : |bFisheries and Oceans Canada. |cNovember 1997. |
| 300 | |a51p.|bgraphs, illus., maps |
| 500 | |aThe catalogue number (Fs1-61/2-1997E) and ISBN (0-662-26282-4) for the print edition have been incorrectly copied in this electronic publication. |
| 590 | |a12-43-Supp|b2012-12-07 |
| 690 | 07|aFisheries resources|2gcpds |
| 690 | 07|aFisheries management|2gcpds |
| 775 | 08|tImpératifs de conservation du poisson de fond de la plate-forme Scotian et de la baie de Fundy en 1998 : |w(CaOODSP)9.640939 |
| 776 | 0#|t1998 conservation requirements for the Scotian Shelf and Bay of Fundy groundfish stocks |w(CaOODSP)9.646762 |
| 856 | 40|ahttp://publications.gc.ca|qPDF|s536 KB|uhttps://publications.gc.ca/collections/Collection/Fs1-61-2-1997E.pdf |
| 986 | |aFRCC.97.R.6 |